LEADER 00892naa a2200217 u 4500 001 000000094533 003 CaOOAMICUS 005 20070226130138.0 008 040503s1979 be u000 u fre u 020 $a90-6186-089-X 035 $a10993059 040 $aIAR$bita 100 1 $aLeclercq, Jean,$cO.S.B.,$d1911-1993.$0(OLS)http://pul/name/3420 245 10$aUsage et abus de la Bible au temps de la réforme grégorienne /$cJean Leclercq. 260 $aLeuven/Louvain :$bLeuven university press,$c1979. 300 $aS. 89-108, ;$c25 cm 773 0 $aThe Bible and medieval culture. 773 0 $tThe Bible and medieval culture$w()4929 996 $6020$a90-6186-089-X$9(OLS)http://pul/number/6354 996 $6245$aUsage et abus de la Bible au temps de la réforme grégorienne$9(OLS)http://pul/title/121401 996 $6260$aLeuven/Louvain :$bLeuven university press$9(OLS)http://pul/publisher/50689 LEADER 01008nam a2200265 u 4500 001 000000085992 003 CaOOAMICUS 005 20070226124239.0 008 050926s1948 it u000 u ita u 035 $a11059709 040 $aPUL(R)$bita 100 1 $aBoffa, G.M.$0(OLS)http://pul/name/55775 245 10$aStella del mattino :$bmeditazioni mariane per le giovani /$cM. G. Boffa. 250 $a3. ed. 260 $a[Alba] :$bPaoline,$c[1948] 300 $a302 p. ;$c15 cm 600 04$aMaria Virgo,$cs.$0(OLS)http://pul/subject/500 650 4$aMeditazioni.$0(OLS)http://pul/subject/581 850 $aPUL 852 $aPUL$W1$xDP1 Fondo Cecchetti$y53$m283 L 53$j109212$nBK-PRI$b $qFondi$B109212$CPULBib$Z2$F109212 $HPUL8240 $81 941 1 $a1 960 $aMariologia$9500 960 $aMariologia$9500 996 $6245$aStella del mattino :$bmeditazioni mariane per le giovani$9(OLS)http://pul/title/111474 996 $6260$a[Alba] :$bPaoline$9(OLS)http://pul/publisher/77345